[Event "SR 3. liga A2 2011/2012"]
[Site "?"]
[Date "2011.10.30"]
[Round "2.1"]
[White "Kantor, Reka"]
[Black "Diviak, Rudolf"]
[Result "1-0"]
[WhiteElo "1962"]
[BlackElo "1865"]
[PlyCount "49"]
[EventDate "2011.??.??"]

1. e4 d6 2. d4 Nf6 3. Bd3 g6 4. c4 Nbd7 5. Nc3 Bg7 6. h3 e5 7. d5 O-O 8. Nge2
Ne8 9. O-O f5 10. exf5 gxf5 11. f4 Nc5 12. Bc2 Qh4 13. Rb1 Rf7 14. b4 Nd7 15.
Qe1 Qxe1 16. Rxe1 a5 17. a3 axb4 18. axb4 Nb6 19. Bb3 Bd7 20. c5 Na4 21. Bxa4
Bxa4 22. Ra1 dxc5 23. bxc5 b5 24. cxb6 Bc6 25. dxc6 1-0

[Event "SR 3. liga A2 2011/2012"]
[Site "?"]
[Date "2011.10.30"]
[Round "2.1"]
[White "Spacek, Marcel"]
[Black "Dvorsky, Jozef"]
[Result "0-1"]
[WhiteElo "1818"]
[BlackElo "2031"]
[PlyCount "76"]
[EventDate "2011.??.??"]

1. d4 d5 2. c4 e6 3. Nf3 Nf6 4. g3 b6 5. Bg2 Bb7 6. Nc3 Nbd7 7. cxd5 exd5 8.
Ne5 c5 9. Bg5 Be7 10. Qa4 cxd4 11. Qxd4 O-O 12. Nxd5 Nxe5 13. Qxe5 Bxd5 14. Rd1
Bb4+ 15. Kf1 Bxg2+ 16. Kxg2 Qe7 17. Bxf6 Qxf6 18. Qxf6 gxf6 19. Rd4 Bc5 20. Rf4
Rfe8 21. e3 Rad8 22. b4 Be7 23. Rc1 Rd7 24. Rg4+ Kf8 25. Rh4 f5 26. Rxh7 Bxb4
27. Rc4 Bc5 28. g4 Re4 29. Rxe4 fxe4 30. Kg3 Rd2 31. h4 Rxa2 32. h5 Bd6+ 33. f4
exf3+ 34. Kxf3 Bc5 35. h6 Ra3 36. Kf4 Bxe3+ 37. Ke5 Ra4 38. Kd6 Rxg4 0-1

[Event "SR 3. liga A2 2011/2012"]
[Site "?"]
[Date "2011.10.30"]
[Round "2.1"]
[White "Puobis, Jozef"]
[Black "Skapik, Branislav"]
[Result "1-0"]
[WhiteElo "1953"]
[BlackElo "1848"]
[PlyCount "51"]
[EventDate "2011.??.??"]

1. e4 d5 2. exd5 Nf6 3. d4 Nxd5 4. Nf3 Bg4 5. Be2 e6 6. O-O Bd6 7. h3 h5 8. Bg5
f6 9. Bh4 Bf5 10. Bd3 Ne7 11. Re1 Qd7 12. Nc3 g5 13. Bg3 Bxg3 14. fxg3 g4 15.
Nh4 Qxd4+ 16. Kh1 Bxd3 17. cxd3 Nbc6 18. Nb5 Qb6 19. a4 a6 20. Na3 Nd4 21. Nc4
Qb3 22. Qd2 Qc2 23. Qe3 O-O-O 24. Ra3 e5 25. Rc3 Qxa4 26. Nb6+ 1-0

[Event "SR 3. liga A2 2011/2012"]
[Site "?"]
[Date "2011.10.30"]
[Round "2.1"]
[White "Nemeckay, Rastislav"]
[Black "Czikhardt, Tibor"]
[Result "1/2-1/2"]
[WhiteElo "1808"]
[BlackElo "1988"]
[PlyCount "81"]
[EventDate "2011.??.??"]

1. e4 e6 2. d4 d5 3. e5 c5 4. c3 Nc6 5. Nf3 Qb6 6. a3 Bd7 7. b4 cxd4 8. cxd4
Nge7 9. Bb2 Nf5 10. g3 Be7 11. Bh3 a5 12. Bxf5 exf5 13. Qb3 Qb5 14. Nc3 Qd3 15.
Qd1 Qc4 16. Qe2 axb4 17. Qxc4 dxc4 18. Nd5 c3 19. Bxc3 Ra5 20. Nxe7 bxc3 21.
Nxc6 Bxc6 22. Ke2 Ke7 23. Rhc1 Rc8 24. Rxc3 Rd8 25. Rd1 Rda8 26. Ra1 Rd8 27.
Rd1 Ra4 28. Ke3 Bxf3 29. Kxf3 Raxd4 30. Rxd4 Rxd4 31. Rc7+ Rd7 32. Rxd7+ Kxd7
33. Ke3 g5 34. Kd4 b6 35. Kd5 g4 36. a4 h6 37. Kc4 Kc6 38. Kd4 h5 39. Kc4 Kc7
40. Kd4 Kc6 41. Kc4 1/2-1/2

[Event "SR 3. liga A2 2011/2012"]
[Site "?"]
[Date "2011.10.30"]
[Round "2.1"]
[White "Kosar, Mikulas ml"]
[Black "Pericka, Pavol"]
[Result "1-0"]
[WhiteElo "1900"]
[BlackElo "1743"]
[PlyCount "151"]
[EventDate "2011.??.??"]

1. e4 e5 2. Nf3 Nc6 3. d4 exd4 4. Bc4 Bb4+ 5. c3 dxc3 6. bxc3 Bc5 7. Bxf7+ Kxf7
8. Qd5+ Kf8 9. Qxc5+ d6 10. Qc4 Nf6 11. O-O Qe7 12. e5 Nxe5 13. Nxe5 Be6 14.
Qb5 c6 15. Nxc6 bxc6 16. Qxc6 Bd5 17. Qa4 Kf7 18. Bg5 Qb7 19. Bxf6 gxf6 20. f3
Rae8 21. Nd2 Re2 22. Rab1 Qc7 23. Qd4 Qc5 24. Qxc5 dxc5 25. Rf2 Rhe8 26. Kf1
R2e3 27. c4 Bc6 28. Nb3 R8e5 29. Rc1 Ba4 30. Nd2 Bd7 31. f4 Re7 32. h3 Be6 33.
Rf3 Bf5 34. Rxe3 Rxe3 35. Nb3 Bd3+ 36. Kf2 Re2+ 37. Kg3 Rxa2 38. Nxc5 Bf5 39.
Nb7 Rd2 40. c5 Ke7 41. Nd6 Be6 42. Ra1 Ba2 43. Re1+ Kd7 44. Ne4 Rd3+ 45. Kh4 f5
46. Nf6+ Kc6 47. Nxh7 Kxc5 48. Re5+ Rd5 49. g4 Kd6 50. Re1 a5 51. Ra1 Bb3 52.
g5 a4 53. g6 Rd1 54. Ra3 Rg1 55. Ng5 Kc5 56. g7 Kb4 57. Rxb3+ axb3 58. g8=Q b2
59. Qf8+ Kb3 60. Qb8+ Kc2 61. Qc7+ Kb1 62. Nf3 Rd1 63. Qc5 Ka2 64. Qa5+ Kb3 65.
Qb5+ Ka3 66. Qc5+ Kb3 67. Nd4+ Ka2 68. Qa5+ Kb1 69. Qxf5+ Ka2 70. Qa5+ Kb1 71.
Qb4 Rc1 72. f5 Rc8 73. f6 Ka2 74. Qb3+ Ka1 75. f7 Rh8+ 76. Kg4 1-0

[Event "SR 3. liga A2 2011/2012"]
[Site "?"]
[Date "2011.10.30"]
[Round "2.2"]
[White "Bukovsky, Milan"]
[Black "Kovacocy, Pavel"]
[Result "0-1"]
[WhiteElo "1984"]
[BlackElo "2231"]
[PlyCount "138"]
[EventDate "2011.??.??"]

1. c4 g6 2. Nc3 Bg7 3. d4 c5 4. Nf3 cxd4 5. Nxd4 Nc6 6. e3 Nf6 7. g3 Nxd4 8.
Qxd4 O-O 9. Bg2 d6 10. O-O Qa5 11. Qd3 Rb8 12. Bd2 Qh5 13. f3 Be6 14. e4 Qc5+
15. Be3 Bxc4 16. Qd2 Qa5 17. Rfc1 Rfc8 18. Bh3 Be6 19. Bxe6 fxe6 20. Qf2 b6 21.
Kg2 Nd7 22. Bd4 Ne5 23. Qe2 Qb4 24. Bf2 Qc4 25. Qe3 Qd3 26. Ne2 Qxe3 27. Bxe3
Nd3 28. Rxc8+ Rxc8 29. Nd4 Nxb2 30. Nxe6 Nc4 31. Bd4 Bxd4 32. Nxd4 Ne5 33. Kf2
Kf7 34. Ke3 Rc3+ 35. Ke2 Nd7 36. Kd2 Rc4 37. Nb5 a6 38. Nc3 e6 39. Rb1 b5 40.
a3 Ne5 41. f4 Rd4+ 42. Ke2 Nc4 43. a4 Rd2+ 44. Ke1 Rxh2 45. Rb3 Nd2 46. Rb4
Nf3+ 47. Kd1 Rd2+ 48. Kc1 Rd4 49. Rb3 Nd2 50. Rb2 Nxe4 51. axb5 axb5 52. Nxb5
Rc4+ 53. Kd1 Nc3+ 54. Kd2 Nxb5 55. Rxb5 h5 56. Ke3 Rc3+ 57. Kf2 Kf6 58. Ra5 Rc5
59. Ra6 Rd5 60. Ra8 g5 61. fxg5+ Rxg5 62. Rf8+ Ke5 63. Ra8 d5 64. Kf3 Rf5+ 65.
Ke3 d4+ 66. Ke2 Ke4 67. Rg8 d3+ 68. Ke1 Ke3 69. Rd8 Ra5 0-1

[Event "SR 3. liga A2 2011/2012"]
[Site "?"]
[Date "2011.10.30"]
[Round "2.2"]
[White "Liptak, Tomas"]
[Black "Sturdik, Igor"]
[Result "0-1"]
[WhiteElo "2103"]
[BlackElo "2067"]
[PlyCount "78"]
[EventDate "2011.??.??"]

1. e4 Nf6 2. d3 e5 3. f4 Nc6 4. Nf3 d5 5. fxe5 dxe4 6. exf6 exf3 7. Qxf3 Nd4 8.
Qe4+ Be6 9. Kd1 Qxf6 10. Bf4 O-O-O 11. Nc3 Bb4 12. Qe5 Qxe5 13. Bxe5 f6 14. Bf4
Rhe8 15. h3 Bf7 16. a3 Bd6 17. Bxd6 Rxd6 18. Be2 Nxe2 19. Nxe2 Bd5 20. Rg1 g5
21. Kd2 f5 22. g3 Rh6 23. Raf1 Rxh3 24. Rxf5 Rh2 25. Re1 Bc6 26. d4 h6 27. c4
Bd7 28. Re5 Rxe5 29. dxe5 Bg4 30. Kd3 Rxe2 31. Rxe2 Bxe2+ 32. Kxe2 h5 33. Ke3
Kd7 34. b3 Ke6 35. Ke4 h4 36. gxh4 gxh4 37. Kf4 h3 38. Kg3 Kxe5 39. Kxh3 Kd4
0-1

[Event "SR 3. liga A2 2011/2012"]
[Site "?"]
[Date "2011.10.30"]
[Round "2.2"]
[White "Bahna, Jan"]
[Black "Liptak, Dusan"]
[Result "0-1"]
[WhiteElo "1977"]
[BlackElo "2075"]
[PlyCount "76"]
[EventDate "2011.??.??"]

1. e4 c5 2. Nc3 e6 3. g3 d5 4. d3 dxe4 5. dxe4 Qxd1+ 6. Nxd1 Bd7 7. Bg2 Bc6 8.
Ne2 Nf6 9. f3 Na6 10. a3 Rd8 11. Ne3 b5 12. Bd2 Be7 13. Nf4 Nd7 14. Bc3 Bf6 15.
Bxf6 gxf6 16. Nd3 Ke7 17. Ke2 Nb6 18. b3 Rd4 19. Rhd1 Rhd8 20. c3 R4d7 21. f4
c4 22. bxc4 bxc4 23. Nb4 Nxb4 24. axb4 Ba4 25. Rxd7+ Rxd7 26. f5 Bb3 27. Ra5
Na4 28. fxe6 fxe6 29. Bf1 Nxc3+ 30. Kf3 Rc7 31. Rc5 Rxc5 32. bxc5 Nb1 33. Kf4
Na3 34. e5 f5 35. Kf3 Kd7 36. Ke2 Kc6 37. Nxf5 exf5 38. e6 c3 0-1

[Event "SR 3. liga A2 2011/2012"]
[Site "?"]
[Date "2011.10.30"]
[Round "2.2"]
[White "Cechovic, Stefan"]
[Black "Halas, Miroslav"]
[Result "1-0"]
[WhiteElo "2159"]
[BlackElo "1946"]
[PlyCount "79"]
[EventDate "2011.??.??"]

1. Nf3 d5 2. g3 c5 3. Bg2 Nc6 4. d4 cxd4 5. Nxd4 e5 6. Nxc6 bxc6 7. c4 Bb4+ 8.
Bd2 Bxd2+ 9. Qxd2 Nf6 10. Nc3 d4 11. Bxc6+ Bd7 12. Bxd7+ Qxd7 13. Nb5 Qc6 14.
O-O O-O 15. Na3 Ne4 16. Qa5 Ng5 17. h4 Nh3+ 18. Kh2 Nf4 19. gxf4 Qf6 20. Rh1
Qxf4+ 21. Kg1 Rad8 22. Rh3 Rd6 23. Rg3 Rg6 24. Rxg6 hxg6 25. Qd5 Qd2 26. Qe4
Qxb2 27. Nc2 f5 28. Qd3 e4 29. Qb3 Rb8 30. Qxb2 Rxb2 31. Nxd4 f4 32. Rc1 e3 33.
fxe3 fxe3 34. c5 Rd2 35. c6 Rxd4 36. c7 Rg4+ 37. Kh2 Rxh4+ 38. Kg3 g5 39. c8=Q+
Kh7 40. Qf5+ 1-0

[Event "SR 3. liga A2 2011/2012"]
[Site "?"]
[Date "2011.10.30"]
[Round "2.2"]
[White "Krist, Milan"]
[Black "Sarmir, Milos"]
[Result "0-1"]
[WhiteElo "1990"]
[BlackElo "2048"]
[PlyCount "46"]
[EventDate "2011.??.??"]

1. c4 Nf6 2. Nc3 e5 3. e3 c6 4. b3 d5 5. cxd5 cxd5 6. Bb5+ Nc6 7. d4 Bb4 8.
Bxc6+ bxc6 9. Nge2 Ne4 10. Bd2 Nxd2 11. Qxd2 e4 12. O-O O-O 13. Rfc1 Qh4 14.
Ng3 f5 15. a3 Bd6 16. Nce2 Bd7 17. Nf1 g5 18. g3 Qh5 19. Qd1 Rf6 20. Nc3 Qh3
21. Rc2 f4 22. exf4 gxf4 23. Raa2 f3 0-1

[Event "SR 3. liga A2 2011/2012"]
[Site "?"]
[Date "2011.10.30"]
[Round "2.2"]
[White "Markuliak, Mario"]
[Black "Mosny, Jaroslav"]
[Result "0-1"]
[WhiteElo "1853"]
[BlackElo "1941"]
[PlyCount "86"]
[EventDate "2011.??.??"]

1. c4 Nf6 2. Nc3 e5 3. Nf3 Nc6 4. g3 Bc5 5. Bg2 O-O 6. O-O d6 7. d3 h6 8. Bd2
a6 9. a3 Bg4 10. b4 Ba7 11. h3 Be6 12. Kh2 Ne7 13. a4 Nh7 14. b5 Rb8 15. Na2 f5
16. Nb4 axb5 17. axb5 Bb6 18. Ng1 Nf6 19. Be3 Bxe3 20. fxe3 e4 21. Qc2 Qe8 22.
dxe4 Qh5 23. Bf3 Qg5 24. Nd5 Bxd5 25. exd5 Qxe3 26. Qd3 Qxd3 27. exd3 Ng6 28.
d4 Ra8 29. Ne2 Rfe8 30. Kg2 Kf7 31. Kf2 Nf8 32. Rfe1 g5 33. h4 Ng6 34. hxg5
hxg5 35. Nc3 Rh8 36. Rh1 Rxh1 37. Rxh1 Ra3 38. Rc1 Rb3 39. c5 g4 40. Bd1 Rxc3
41. Rxc3 Ne4+ 42. Ke1 Nxc3 43. c6 b6 0-1

[Event "SR 3. liga A2 2011/2012"]
[Site "?"]
[Date "2011.10.30"]
[Round "2.2"]
[White "Hagara, Vladimir"]
[Black "Vlkovic, Pavol"]
[Result "1/2-1/2"]
[WhiteElo "1927"]
[BlackElo "1838"]
[PlyCount "99"]
[EventDate "2011.??.??"]

1. c4 g6 2. Nc3 Bg7 3. g3 Nf6 4. Bg2 O-O 5. e4 d6 6. Nge2 e5 7. d3 c6 8. O-O a5
9. Qc2 Na6 10. a3 Nc5 11. Rb1 Ne6 12. h3 Nh5 13. Kh2 f5 14. exf5 gxf5 15. f4
Qe8 16. Qd1 Qg6 17. Qe1 Nc5 18. Qd1 Bd7 19. Be3 Kh8 20. d4 exf4 21. gxf4 Ne4
22. Nxe4 fxe4 23. d5 c5 24. Qe1 Ba4 25. b3 Bd7 26. a4 b6 27. Ng3 Nxg3 28. Qxg3
Qxg3+ 29. Kxg3 Bf5 30. h4 Rg8 31. Kh2 Bf6 32. Bh3 Bg4 33. Rg1 Bf3 34. Be6 Rxg1
35. Rxg1 Bd4 36. Re1 Ra7 37. Bh3 Rg7 38. Bf1 Rg4 39. Bh3 Rxh4 40. Kg3 Bxe3 41.
Rxe3 Rh6 42. Bf5 Kg7 43. Bxe4 Bxe4 44. Rxe4 Kf7 45. Kg4 Rg6+ 46. Kf5 Rf6+ 47.
Kg5 Rg6+ 48. Kf5 Rf6+ 49. Kg5 Rg6+ 50. Kf5 1/2-1/2

[Event "SR 3. liga A2 2011/2012"]
[Site "?"]
[Date "2011.10.30"]
[Round "2.2"]
[White "Hornak, Pavol"]
[Black "Puskar, Peter"]
[Result "0-1"]
[WhiteElo "1778"]
[BlackElo "1844"]
[PlyCount "100"]
[EventDate "2011.??.??"]

1. d4 Nf6 2. c4 e6 3. g3 d5 4. Nf3 Be7 5. Bg2 O-O 6. O-O b6 7. Nc3 Bb7 8. Ne5
Nbd7 9. cxd5 exd5 10. Nd3 Re8 11. a3 c6 12. b4 b5 13. a4 a6 14. a5 Bd6 15. Bb2
Qe7 16. Ba3 Ne4 17. Nxe4 dxe4 18. Nc5 Nxc5 19. bxc5 Bc7 20. Bb4 Rad8 21. e3 Bc8
22. Re1 Qg5 23. Qc2 Qd5 24. Qa2 Be6 25. Qxd5 Bxd5 26. Bf1 f5 27. Be2 Kf7 28.
Kg2 g6 29. f4 exf3+ 30. Bxf3 Ke6 31. Bxd5+ Kxd5 32. Rac1 Ke4 33. Kf2 Re6 34.
Rcd1 g5 35. Bc3 Kd5 36. Rb1 Rde8 37. Bb4 h5 38. Bd2 h4 39. Kf3 hxg3 40. hxg3
g4+ 41. Kf2 Rh8 42. Rg1 Ke4 43. Rb3 Reh6 44. Ra3 Rh2+ 45. Rg2 R8h3 46. Kg1
Rxg2+ 47. Kxg2 Rxg3+ 48. Kf2 Rf3+ 49. Ke2 f4 50. Ra1 fxe3 0-1

[Event "SR 3. liga A2 2011/2012"]
[Site "?"]
[Date "2011.10.30"]
[Round "2.3"]
[White "Skreno, Vladimir"]
[Black "Horak, Ivan"]
[Result "1/2-1/2"]
[WhiteElo "2178"]
[BlackElo "2073"]
[PlyCount "68"]
[EventDate "2011.??.??"]

1. d4 Nf6 2. Nf3 e6 3. c4 c5 4. Nc3 cxd4 5. Nxd4 Nc6 6. Ndb5 d6 7. e4 a6 8. Na3
Be7 9. Nc2 O-O 10. Be2 b6 11. Be3 Bb7 12. O-O Rc8 13. f3 Ne5 14. Qd4 Qc7 15.
Qxb6 Qxb6 16. Bxb6 Nxc4 17. Bxc4 Rxc4 18. a3 d5 19. exd5 Nxd5 20. Nxd5 Bxd5 21.
Ne3 Bc5 22. Bxc5 Rxc5 23. b4 Rc3 24. Nxd5 exd5 25. Rfd1 Rd8 26. Rd4 g6 27. a4
Rc4 28. Rxc4 dxc4 29. Rc1 Rd4 30. Rc3 Kg7 31. b5 axb5 32. axb5 Rd1+ 33. Kf2 Rb1
34. Rxc4 Rxb5 1/2-1/2

[Event "SR 3. liga A2 2011/2012"]
[Site "?"]
[Date "2011.10.30"]
[Round "2.3"]
[White "Kovarik, Oto"]
[Black "Hertel, Ondrej"]
[Result "1/2-1/2"]
[WhiteElo "2018"]
[BlackElo "2073"]
[PlyCount "126"]
[EventDate "2011.??.??"]

1. e4 c6 2. d4 d5 3. Nd2 dxe4 4. Nxe4 Nd7 5. Nf3 Ngf6 6. Bd3 Nxe4 7. Bxe4 Nf6
8. Bd3 Bg4 9. c3 e6 10. O-O Be7 11. h3 Bh5 12. Be2 O-O 13. Ne5 Bxe2 14. Qxe2 c5
15. dxc5 Bxc5 16. Bg5 Be7 17. Rad1 Nd5 18. Bxe7 Qxe7 19. c4 Nf6 20. Qe3 Rfd8
21. a3 Nd7 22. f4 f6 23. Nxd7 Rxd7 24. Rxd7 Qxd7 25. Re1 Kf7 26. c5 a5 27. Re2
Rd8 28. Kh2 Qd5 29. Kg3 Qd3 30. Kf2 Qxe3+ 31. Kxe3 Ke7 32. Rc2 Rd5 33. c6 bxc6
34. Rxc6 Rb5 35. Rc2 Kd6 36. Ke4 h6 37. Kd4 e5+ 38. fxe5+ fxe5+ 39. Ke4 g6 40.
Rf2 Ke7 41. Kd3 Ke6 42. Kc4 Rb8 43. g4 g5 44. Re2 Kd6 45. b3 Rc8+ 46. Kd3 Kd5
47. b4 axb4 48. axb4 Rb8 49. Rb2 Ra8 50. Rb3 Ra6 51. b5 e4+ 52. Ke3 Rf6 53. Ke2
Rb6 54. Rb1 Kd4 55. Rb4+ Kc5 56. Rxe4 Kxb5 57. Kf3 Kc5 58. Re3 Kd5 59. Kg3 Re6
60. Rf3 Kd6 61. h4 Ke7 62. Rf5 gxh4+ 63. Kxh4 Rf6 1/2-1/2

[Event "SR 3. liga A2 2011/2012"]
[Site "?"]
[Date "2011.10.30"]
[Round "2.3"]
[White "Synak, Jan"]
[Black "Sefcik, Marek"]
[Result "1-0"]
[WhiteElo "1966"]
[BlackElo "2016"]
[PlyCount "88"]
[EventDate "2011.??.??"]

1. Nf3 c5 2. c4 Nc6 3. Nc3 Nf6 4. g3 d6 5. Bg2 Bg4 6. h3 Bf5 7. O-O Qd7 8. Kh2
e5 9. d3 h6 10. Nd5 Nxd5 11. cxd5 Nb4 12. e4 Bh7 13. a3 Na6 14. Be3 Be7 15. Nd2
Bf6 16. Nc4 O-O 17. h4 Nc7 18. Bh3 Qe7 19. Qd2 Nb5 20. Qa5 Nd4 21. Bxd4 exd4
22. f4 Qd8 23. b4 Qxa5 24. bxa5 Be7 25. Rab1 Rab8 26. Rb3 f5 27. e5 dxe5 28.
fxe5 f4 29. gxf4 b5 30. axb6 axb6 31. a4 Bxh4 32. d6 Bf5 33. Bxf5 Rxf5 34. Rxb6
Rxb6 35. Nxb6 Bd8 36. Nd5 g5 37. Re1 Kf8 38. Nc7 gxf4 39. e6 Rh5+ 40. Kg2 Rg5+
41. Kf1 Rg7 42. Nd5 Ke8 43. e7 Rg6 44. d7+ Kxd7 1-0

[Event "SR 3. liga A2 2011/2012"]
[Site "?"]
[Date "2011.10.30"]
[Round "2.3"]
[White "Bilovsky, Milan"]
[Black "Peska, Juraj"]
[Result "1/2-1/2"]
[WhiteElo "1891"]
[BlackElo "1925"]
[PlyCount "52"]
[EventDate "2011.??.??"]

1. c4 e5 2. Nc3 Nf6 3. g3 Be7 4. Bg2 Nc6 5. e3 d6 6. d4 O-O 7. Nge2 Bf5 8. a3
Qc8 9. O-O Bh3 10. b4 Bxg2 11. Kxg2 a6 12. h3 Rd8 13. d5 Nb8 14. e4 Nbd7 15.
Be3 c6 16. Rc1 c5 17. Qd3 b6 18. b5 a5 19. g4 h6 20. Ng3 Nf8 21. Nf5 Qd7 22.
Ne2 Ng6 23. Nxe7+ Qxe7 24. Ng3 Nh4+ 25. Kh1 g5 26. f3 Nh7 1/2-1/2

[Event "SR 3. liga A2 2011/2012"]
[Site "?"]
[Date "2011.10.30"]
[Round "2.3"]
[White "Slamena, Michal"]
[Black "Vach, Jozef"]
[Result "0-1"]
[WhiteElo "1976"]
[BlackElo "1861"]
[PlyCount "106"]
[EventDate "2011.??.??"]

1. e4 e5 2. Nf3 Nc6 3. Bb5 a6 4. Ba4 Nf6 5. O-O Be7 6. Re1 b5 7. Bb3 d6 8. h3
Na5 9. c3 Nxb3 10. Qxb3 c5 11. d4 Qc7 12. Nbd2 O-O 13. g4 Be6 14. d5 Bd7 15.
Nf1 Nxe4 16. Rxe4 f5 17. Re1 fxg4 18. hxg4 Rxf3 19. Nh2 Rf7 20. Re2 Raf8 21.
Be3 Qd8 22. Kg2 Bg5 23. Rf1 Qf6 24. f3 Qh6 25. Bxg5 Qxg5 26. Kh1 Rf4 27. Qd1 h5
28. Rg2 hxg4 29. Rfg1 Qh4 30. fxg4 g5 31. b3 Kg7 32. a4 bxa4 33. Qd3 Bb5 34. c4
Bd7 35. bxa4 Rd4 36. Qb3 Qh6 37. Qb7 Rf7 38. Qxa6 Kf8 39. a5 Ke7 40. Rb2 Rh7
41. Qb7 Rxc4 42. a6 Rb4 43. Rgg2 Rxb7 44. axb7 Rh8 45. b8=Q Rxb8 46. Rxb8 Qf6
47. Ra2 Qf7 48. Ra7 Qxd5+ 49. Kg1 Qd1+ 50. Kg2 Qd2+ 51. Kg1 Qe1+ 52. Kg2 Ke6
53. Rb6 Bc6+ 0-1

[Event "SR 3. liga A2 2011/2012"]
[Site "?"]
[Date "2011.10.30"]
[Round "2.3"]
[White "Husek, Lubomir"]
[Black "Gajarsky, Roman"]
[Result "1-0"]
[WhiteElo "1768"]
[BlackElo "1915"]
[PlyCount "59"]
[EventDate "2011.??.??"]

1. e4 e6 2. d4 d5 3. e5 c5 4. c3 Nc6 5. Nf3 Qb6 6. a3 Nge7 7. Bd3 cxd4 8. cxd4
Nf5 9. Bxf5 exf5 10. O-O Be6 11. Nc3 h6 12. b4 a6 13. Bb2 g5 14. Na4 Qc7 15.
Rc1 g4 16. Ne1 h5 17. Nc5 h4 18. Ned3 Bh6 19. Rc2 Qe7 20. Nxe6 fxe6 21. Nc5 O-O
22. Bc1 Bxc1 23. Qxc1 Rac8 24. Nxa6 Ra8 25. b5 Na5 26. Rc7 Qe8 27. Qd2 bxa6 28.
b6 Nc4 29. Qh6 Rf7 30. Qg6+ 1-0

[Event "SR 3. liga A2 2011/2012"]
[Site "?"]
[Date "2011.10.30"]
[Round "2.3"]
[White "Niznansky, Lukas"]
[Black "Hrubos, Milan"]
[Result "0-1"]
[WhiteElo "1740"]
[BlackElo "1790"]
[PlyCount "70"]
[EventDate "2011.??.??"]

1. e4 c5 2. Nf3 d6 3. d4 cxd4 4. Nxd4 Nf6 5. Nc3 g6 6. Bc4 Bg7 7. O-O O-O 8.
Bg5 Nc6 9. Nxc6 bxc6 10. Re1 a5 11. Qf3 Qc7 12. h3 a4 13. a3 Ba6 14. Qd3 Bxc4
15. Qxc4 Qa5 16. Bf4 Qa6 17. Qxa6 Rxa6 18. Be3 Rb8 19. Rab1 Nd7 20. Bd2 Ne5 21.
Red1 Nc4 22. Ne2 Nxd2 23. Rxd2 Rxb2 24. Rxb2 Bxb2 25. Rd3 Bg7 26. Rd1 Ra5 27.
Nd4 Rc5 28. Rd2 Rc3 29. f3 Bxd4+ 30. Rxd4 Rxa3 31. Rd1 Ra2 32. Rc1 a3 33. Kf2
Rb2 34. Ke3 a2 35. Ra1 Rxc2 0-1

[Event "SR 3. liga A2 2011/2012"]
[Site "?"]
[Date "2011.10.30"]
[Round "2.3"]
[White "Holly, Milan"]
[Black "Barca, Michal"]
[Result "0-1"]
[WhiteElo "1865"]
[BlackElo "1835"]
[PlyCount "79"]
[EventDate "2011.??.??"]

1. Nf3 Nf6 2. b3 e6 3. Bb2 b6 4. e3 Bb7 5. Be2 d5 6. O-O Bd6 7. d4 O-O 8. c4
Nbd7 9. Nc3 a6 10. Rc1 Rc8 11. cxd5 exd5 12. Re1 Qe7 13. g3 Rfd8 14. Bf1 c5 15.
Bh3 c4 16. Nd2 b5 17. Bg2 b4 18. bxc4 bxc3 19. Bxc3 Bc6 20. c5 Bc7 21. a4 a5
22. Bb2 Nf8 23. Nb1 Qd7 24. Nc3 Ne4 25. Nxe4 dxe4 26. Qh5 Rb8 27. Ba1 Re8 28.
Rcd1 Bd5 29. Bh3 Be6 30. Bg2 Bg4 31. Qg5 h6 32. Qh4 Bd8 33. c6 Qc8 34. c7 Bxh4
35. cxb8=Q Qxb8 36. Rb1 Qd8 37. gxh4 Qxh4 38. Rb5 Bf3 39. Bxf3 exf3 40. Reb1
0-1

[Event "SR 3. liga A2 2011/2012"]
[Site "?"]
[Date "2011.10.30"]
[Round "2.4"]
[White "Manak, Jozef"]
[Black "Pribila, Michal"]
[Result "0-1"]
[WhiteElo "2053"]
[BlackElo "2101"]
[PlyCount "118"]
[EventDate "2011.??.??"]

1. e4 c5 2. Nf3 d6 3. d4 cxd4 4. Nxd4 Nf6 5. Bd3 Nc6 6. c3 Bd7 7. O-O e5 8. Ne2
Be7 9. Bc2 Be6 10. f4 Qb6+ 11. Kh1 Ng4 12. Qe1 Ne3 13. Bxe3 Qxb2 14. Na3 Qxa3
15. Bd3 Qa5 16. f5 Bd7 17. Bc4 Qc7 18. Qg3 Bf6 19. Qf3 Na5 20. Bb3 Nxb3 21.
axb3 a6 22. c4 b5 23. Rfc1 Qb7 24. Nc3 Bc6 25. g4 h6 26. Rd1 bxc4 27. bxc4 Be7
28. Rdb1 Qc8 29. Rb6 Bd8 30. Rb2 O-O 31. Qh3 f6 32. Rab1 Rf7 33. Qf1 Ba5 34.
Nd5 Bxd5 35. cxd5 Rc7 36. Bb6 Bxb6 37. Rxb6 Rc4 38. Rxd6 Rxe4 39. Rc6 Qd7 40.
Rxa6 Rxa6 41. Qxa6 Qxd5 42. Qe6+ Qxe6 43. fxe6 Kf8 44. h3 h5 45. Rb8+ Ke7 46.
Rb7+ Kxe6 47. Rxg7 hxg4 48. hxg4 Re2 49. Kg1 e4 50. Kf1 Ra2 51. Rg8 Ke5 52. Rf8
e3 53. Ke1 Rg2 54. Re8+ Kd4 55. Rd8+ Ke4 56. Re8+ Kf3 57. Kf1 e2+ 58. Ke1 Rg1+
59. Kd2 Rd1+ 0-1

[Event "SR 3. liga A2 2011/2012"]
[Site "?"]
[Date "2011.10.30"]
[Round "2.4"]
[White "Pribila, Gerhard"]
[Black "Mihalik, Anton"]
[Result "1-0"]
[WhiteElo "2036"]
[BlackElo "1965"]
[PlyCount "43"]
[EventDate "2011.??.??"]

1. e4 c5 2. c3 d5 3. exd5 Qxd5 4. d4 Nc6 5. Nf3 Nf6 6. dxc5 Qxc5 7. Na3 e6 8.
Be3 Qd5 9. Nb5 Kd8 10. Bc4 Qxd1+ 11. Rxd1+ Bd7 12. O-O Kc8 13. Bf4 Na5 14. Be2
Bxb5 15. Bxb5 a6 16. Be2 Nd5 17. Bg3 Nc6 18. Ng5 Nd8 19. c4 Be7 20. Nxf7 Nxf7
21. cxd5 e5 22. Bg4+ 1-0

[Event "SR 3. liga A2 2011/2012"]
[Site "?"]
[Date "2011.10.30"]
[Round "2.4"]
[White "Manak, Adrian"]
[Black "Kocak, Branislav"]
[Result "1/2-1/2"]
[WhiteElo "1931"]
[BlackElo "1914"]
[PlyCount "30"]
[EventDate "2011.??.??"]

1. e4 c5 2. Nf3 d6 3. d4 cxd4 4. Nxd4 Nf6 5. Nc3 a6 6. Be3 e5 7. Nb3 Be7 8. Bc4
O-O 9. Qd2 Nbd7 10. O-O-O Qc7 11. Bd5 Rb8 12. Ba7 Ra8 13. Be3 Rb8 14. Ba7 Ra8
15. Be3 Rb8 1/2-1/2

[Event "SR 3. liga A2 2011/2012"]
[Site "?"]
[Date "2011.10.30"]
[Round "2.4"]
[White "Kastler, Peter"]
[Black "Bincik, Pavol"]
[Result "0-1"]
[WhiteElo "1720"]
[BlackElo "1916"]
[PlyCount "100"]
[EventDate "2011.??.??"]

1. d4 c6 2. c4 d5 3. Nc3 Nf6 4. e3 Bf5 5. Nf3 e6 6. cxd5 exd5 7. Be2 Bd6 8. O-O
O-O 9. Bd3 Bg4 10. Qc2 Qc7 11. h3 Bh5 12. e4 dxe4 13. Nxe4 Nxe4 14. Bxe4 Bg6
15. Bxg6 hxg6 16. Bd2 Nd7 17. Rfe1 Rfe8 18. Rxe8+ Rxe8 19. Re1 Rxe1+ 20. Bxe1
Nf6 21. Qe2 Qd8 22. Bd2 Nd5 23. Qe4 Qe7 24. Qxe7 Nxe7 25. Kf1 f6 26. Ke2 Kf7
27. Kd3 Ke6 28. a3 Nd5 29. Ke4 b6 30. g3 a5 31. Kd3 a4 32. Nh4 g5 33. Ng2 g6
34. Ne3 Nxe3 35. Bxe3 Kd5 36. g4 Bc7 37. Bd2 Bh2 38. f3 Bg1 39. Bc3 Bf2 40. b4
axb3 41. Bb2 b5 42. Ba1 Be1 43. Bb2 Ba5 44. Ba1 f5 45. Bb2 Bd8 46. Ba1 Bf6 47.
Bc3 f4 48. Bb2 c5 49. Bc1 Bxd4 50. Bxf4 gxf4 0-1

[Event "SR 3. liga A2 2011/2012"]
[Site "?"]
[Date "2011.10.30"]
[Round "2.4"]
[White "Nemsak, Denis"]
[Black "Valla, Tomas"]
[Result "0-1"]
[WhiteElo "1916"]
[BlackElo "1846"]
[PlyCount "87"]
[EventDate "2011.??.??"]

1. c4 Nf6 2. Nc3 e6 3. e4 d6 4. d4 Be7 5. f4 O-O 6. Nf3 c5 7. d5 exd5 8. cxd5
Bg4 9. Be2 Bxf3 10. Bxf3 Nfd7 11. O-O Na6 12. e5 Nc7 13. e6 Nf6 14. f5 a6 15.
Ne2 b5 16. Nf4 b4 17. exf7+ Rxf7 18. Ne6 Qc8 19. Re1 Ra7 20. Ng5 Qxf5 21. Nxf7
Kxf7 22. Qe2 Ncxd5 23. Bxd5+ Qxd5 24. Bf4 Qd4+ 25. Be3 Qg4 26. Qc2 Qe4 27. Qb3+
Qd5 28. Qc2 Qe4 29. Qf2 Qg4 30. h3 Qh5 31. Rad1 Kg8 32. Bf4 d5 33. Qd2 Rd7 34.
Re5 Qf7 35. Bg5 d4 36. Rf1 Rc7 37. Qe2 c4 38. Re1 Kf8 39. Qf3 c3 40. Bxf6 gxf6
41. Rd5 cxb2 42. Qf4 Rc1 43. Qh6+ Kg8 44. Rxc1 0-1